Les jeux mobiles les plus téléchargés - Statistiques

Statistiques générales
  • Ce quiz a été pris 140 fois
  • Le résultat moyen est 6 sur 50
Statistiques - réponses
Rang Téléchargements Jeux % Correct
36 407 millions Clash Royale
94%
9 670 millions Clash of Clans
70%
3 1,3 milliard Candy Crush
66%
24 513 millions Candy Crush Soda Saga
66%
37 358 millions Brawl Stars
52%
1 1,5 milliard Subway Surfers
41%
30 490 millions Pokémon Go
35%
6 802 millions ROBLOX
22%
29 499 millions Angry Birds Classic (supprimé)
20%
14 611 millions Temple Run
19%
8 671 millions Temple Run 2
19%
13 611 millions PUBG MOBILE
17%
48 264 millions PUBG Mobile Lite
17%
47 288 millions Jetpack Joyride
16%
20 515 millions Fruit Ninja
13%
34 470 millions FIFA Soccer
12%
22 514 millions Among Us
10%
38 355 millions Stumble Guys
7%
2 1,3 milliard Free Fire
5%
4 1 milliard My Talking Tom
5%
10 670 millions My Talking Tom 2
5%
49 262 millions Plants vs. Zombies
4%
25 510 millions Tiles Hop EDM Rush
4%
12 634 millions Pou
3%
17 538 millions Talking Tom Cat
3%
5 880 millions 8 Ball Pool
2%
15 604 millions Hill Climb Racing
2%
23 513 millions SlitherIO
2%
21 515 millions Extreme Car Driving Simulator
1%
45 290 millions Lords Mobile
1%
28 501 millions Minion Rush
1%
16 574 millions Mobile Legends: Bang Bang
1%
41 304 millions Bridge Race
0%
32 480 millions Bubble Shooter
0%
40 319 millions Drag Racing
0%
42 295 millions Farm Heroes Saga
0%
35 432 millions Free Fire Max
0%
39 319 millions Glow Hockey
0%
31 480 millions Helix Jump
0%
43 291 millions Hungry Shark Evolution
0%
33 480 millions Join Clash 3D
0%
50 251 millions Kick the Buddy
0%
7 791 millions Ludo King
0%
18 538 millions Magic Tiles 3
0%
44 290 millions Real Racing 3
0%
26 510 millions Sniper 3D
0%
46 290 millions Street Racing 3D
0%
11 639 millions Talking Angela
0%
19 538 millions Talking Tom Gold Run
0%
27 510 millions Traffic Rider
0%
Aucun quiz correspondant
Distribution des résultats
% des personnes avec chaque résultat
Percentile par nombre de réponses
Votre historique - résultats
Vous n’avez pas pris ce quiz